Vives-Goethe
Guardat en:
| Format: | Llibre |
|---|---|
| Idioma: | espanyol |
| Publicat: |
Madrid
Revista de Occidente
1961
|
| Matèries: | |
| Etiquetes: |
Afegir etiqueta
Sense etiquetes, Sigues el primer a etiquetar aquest registre!
|
MARC
| LEADER | 00000nam a2200000 a 4500 | ||
|---|---|---|---|
| 001 | UCZ0351 | ||
| 003 | CL-VaPUC | ||
| 008 | 950728e19610000SP |||||||||||||||||spa|d | ||
| 082 | 0 | 4 | |a 864 |b ORT |2 21 |
| 245 | 1 | 0 | |a Vives-Goethe |
| 300 | |a 177 p | ||
| 942 | |c BK | ||
| 945 | |d 19950728 00:00:00 |a rbrito | ||
| 260 | |a Madrid |b Revista de Occidente |c 1961 | ||
| 600 | 0 | 7 | |a VIVES, JUAN LUIS |2 CL-VaPUC |9 256558 |
| 600 | 0 | |a Goethe, Johann Wolfgang von, |d 1749-1832 |e autor |9 265453 | |
| 650 | 0 | |a Ensayos españoles |9 313128 | |
| 650 | 0 | |a Crítica e interpretación |9 255042 | |
| 583 | |a last modification |c 19950728 00:00:00 |k Rodrigo Vera | ||
| 999 | |c 237291 |d 237289 | ||
| 952 | |0 0 |1 0 |4 0 |6 864_000000000000000_ORT_1961 |7 0 |8 A |9 246206 |a BIBEDU |b BIBEDU |d 2019-11-18 |i 309992K |o 864 ORT 1961 |p 309992K |r 2019-11-18 |w 2019-11-18 |y BK |k LIT | ||
| 952 | |0 0 |1 0 |4 0 |6 864_000000000000000_ORT_1961 |7 0 |8 A |9 246207 |a BIBEDU |b BIBEDU |d 2019-11-18 |i 1580140 |o 864 ORT 1961 |p 1580140 |r 2019-11-18 |w 2019-11-18 |y BK |k FIL | ||